Estudio prc̀tico del ISR e IETU para personas fs̕icas

Bibliographic Details
Main Author: Barrn̤ Morales, Alejandro
Format: eBook
Language:Spanish
Published: Mx̌ico D.F. : Ediciones Fiscales ISEF, 2010
Subjects:
Online Access:http://www.vlex.com/source/10978

MARC

LEADER 00000nam a22000007a 4500
005 20130404162649.0
007 cr|||| ||||
008 130404e2010 mx |||||s|||| 00||0 spa d
020 |a 978-368-726-527-6 
035 |a 10978 
040 |a vLex 
090 |c 4112  |d 4112 
100 1 0 |a Barrn̤ Morales, Alejandro  
245 1 0 |a Estudio prc̀tico del ISR e IETU para personas fs̕icas  |c / Alejandro Barrn̤ Morales   |h [Recurso electrn̤ico] 
256 |a Servicio en ln̕ea 
260 |a Mx̌ico D.F. :  |b Ediciones Fiscales ISEF,   |c 2010 
300 |a 1 Recurso electrn̤ico 
506 |a Contenido solo disponible en los productos indicados  |d vLex Global  |d vLex Global (Academic Edition, excluding Law Schools)  |d vLex Global (U.S. Academic Edition, Law Schools)  |d vLex Global (U.S. Academic Edition, excluding Law Schools)  |d vLex Global (Academic Edition, Law Schools) 
650 0 4 |a Derecho tributario  |z Mx̌ico 
740 |a vLex Libros (Servicio en ln̕ea) 
856 |a Acceso restringido  |u http://www.vlex.com/source/10978 
942 |c BOOK 
999 0 |a Taxation